| 000 | 00497nam a2200181Ia 4500 | ||
|---|---|---|---|
| 008 | 230917s9999||||xx |||||||||||||| ||und|| | ||
| 020 | _cRS 175.00 | ||
| 040 |
_e5000589 _aMAIN |
||
| 041 | _aEnglish | ||
| 082 | _a954.01 J559A(4) | ||
| 100 | _aJha, D N | ||
| 245 | 0 | _aAncient India: In historical outline | |
| 250 | _a4th ed. | ||
| 260 |
_aNew Delhi _bManohar Publishers and Distributors _c2021 |
||
| 300 | _a246 p. | ||
| 500 | _a4281 30/12/2021 MPD22/2721 17/02/2022 Main Budget | ||
| 942 | _cBK | ||
| 999 |
_c3943 _d3943 |
||